LEADER 01306nam a2200301 u 4500 001 000000000153 003 CaOOAMICUS 005 20070226104150.0 008 940513s1987 it u000 u eng u 020 $a88-7653-117-3 035 $a10001996 040 $aPUL(R)$bita 100 1 $aMlakuzhyil, George,$cS.I.,$d1942-$0(OLS)http://pul/name/77 245 14$aThe Christocentric literary structure of the fourth Gospel /$cGeorge Mlakuzhyil. 260 $aRoma :$bP. Istituto Biblico,$c1987. 300 $axvi, 370 p. :$bprosp. (1 pieg.) ;$c24 cm 490 1 $aAnalecta biblica ;$v117 504 $a"Bibliography": p. [353]-366. 600 04$aIesus Christus$xTeologia.$0(OLS)http://pul/subject/322 630 04$aBiblia.$pN.T.$pIohannes$xCritica e interpretazione.$0(OLS)http://pul/subject/37920 830 0$aAnalecta biblica ;$v117.$0(OLS)http://pul/title/100 850 $aPUL 852 $aPUL$W1$xSL Religione 1$y3$m10(4) A 117$j67$nBK-PRI$b $qStampati$B67$CPULBib$Z2$F67 $H $81 941 1 $a8 961 $aINV: 58850 996 $6020$a88-7653-117-3$9(OLS)http://pul/number/99 996 $6245$aThe Christocentric literary structure of the fourth Gospel$9(OLS)http://pul/title/101 996 $6260$aRoma :$bP. Istituto Biblico$9(OLS)http://pul/publisher/47889 LEADER 01668nam a2200325 u 4500 001 000000043520 003 CaOOAMICUS 005 20070226114440.0 008 990407s1947 fr u000 u fre u 035 $a10819126 040 $aPUL(R)$bita 100 1 $aGurvitch, Georges,$d1894-1965.$0(OLS)http://pul/name/14563 245 13$aLa sociologie au XX siècle ... /$cpublié sous la direction de Georges Gurvitch ... ; en collaboration avec Wilbert E. Moore .. 260 $aParis :$bPresses Universitaires de France,$c1947. 300 $a2 v. ;$c23 cm 490 1 $aBibliothèque de philosophie contemporaine.$aPsychologie et sociologie 500 $aContiene indici. 504 $aBibliografia in nota. 505 0 $av.1: Les grands problèmes de la sociologie. -- v.2: Les études sociologiques dans les différents pays. 650 4$aSociologia$xTeorie$ySec. XX.$0(OLS)http://pul/subject/19138 700 1 $aMoore, Wilbert E.$0(OLS)http://pul/name/31834 830 0$aBibliothèque de philosophie contemporaine.$pPsychologie et sociologie.$0(OLS)http://pul/title/58685 850 $aPUL 852 $aPUL$W1$xDP1 Cons. Gen., Altre Classi 1$y22$m43 A 6-7$j58653$nBK-PRI$b $qStampati$B58653$CPULBib$Z2$F58653 $H $81 852 $aPUL$W1$xDP1 Cons. Gen., Altre Classi 1$y22$m43 A 6-7$j58653$nBK-PRI$b $qStampati$B58654$CPULBib$Z2$F58654 $H $81 941 1 $a8 961 $aINV: 40080-81 961 $aINV: 40080-81 996 $6245$aLa sociologie au XX siècle ...$9(OLS)http://pul/title/58684 996 $6260$aParis :$bPresses Universitaires de France$9(OLS)http://pul/publisher/47940